|
|
|
|
| LEADER |
00764nam a2200301 4500 |
| 001 |
DLU110127257 |
| 005 |
##20111028 |
| 040 |
# |
# |
|a DLU
|b vie
|
| 041 |
# |
# |
|a vie
|
| 044 |
# |
# |
|a vn
|
| 082 |
# |
# |
|a 004.67
|b Gia
|
| 245 |
# |
# |
|a Giáo trình hệ thống mạng máy tính CCNA.
|n t.III /
|c Khương Anh chủ biên.
|
| 260 |
# |
# |
|a H. :
|b Lao động - Xã hội,
|c 2005.
|
| 300 |
# |
# |
|a 296 tr. :
|b minh hoạ ;
|c 21x30 cm.
|
| 650 |
# |
# |
|a Mạng máy tính
|v Giáo trình.
|
| 700 |
# |
# |
|a Khương Anh,
|e chủ biên.
|
| 923 |
# |
# |
|a 01/2011CT
|
| 990 |
# |
# |
|a t.III
|
| 991 |
# |
# |
|a GT
|
| 992 |
# |
# |
|a 0
|
| 994 |
# |
# |
|a KCT
|
| 900 |
# |
# |
|a True
|
| 911 |
# |
# |
|a Đào Thị Thu Huyền
|
| 925 |
# |
# |
|a G
|
| 926 |
# |
# |
|a A
|
| 927 |
# |
# |
|a SH
|
| 980 |
# |
# |
|a Thư viện Trường Đại học Đà Lạt
|